000 00252nam a22001217a 4500
008 180202b xxu||||| |||| 00| 0 eng d
041 _aeng
080 _a573
100 _a11
101 _aBIO
245 _aHUMAN MYCOSES
_cSMITH.E
942 _2udc
_cBK
999 _c41688
_d41688